Memoria elevada al Gobierno Nacional en la solemne apertura de los Tribunales el día 15 de septiembre de 1956 / (Record no. 20848)

MARC details
000 -LEADER
campo de control de longitud fija 00570nam a2200157 i 4500
001 - NÚMERO DE CONTROL
campo de control 20848
003 - IDENTIFICADOR DE NÚMERO DE CONTROL
campo de control ES-MaACL
005 - FECHA Y HORA DE LA ÚLTIMA TRANSACCIÓN
campo de control 20230906152356.0
007 - CAMPO FIJO DE DESCRIPCIÓN FÍSICA--INFORMACIÓN GENERAL
campo de control de longitud fija t|
008 - DATOS DE LONGITUD FIJA--INFORMACIÓN GENERAL
campo de control de longitud fija 021119s1961 sp ||||1| spa d
100 1# - ENTRADA PRINCIPAL--NOMBRE DE PERSONA
Nombre de persona Alamillo Salgado, Ildefonso.
9 (RLIN) 19101
245 10 - MENCIÓN DEL TÍTULO
Título Memoria elevada al Gobierno Nacional en la solemne apertura de los Tribunales el día 15 de septiembre de 1956 /
Mención de responsabilidad, etc. por el fiscal del Tribunal Supremo Ildefonso Alamillo Salgado.
260 ## - PUBLICACIÓN, DISTRIBUCIÓN, ETC.
Lugar de publicación, distribución, etc. Madrid :
Nombre del editor, distribuidor, etc. Reus,
Fecha de publicación, distribución, etc. 1961.
300 ## - DESCRIPCIÓN FÍSICA
Extensión 114 p. :
Otras características físicas 14 gráf. ;
Dimensiones 25 cm.
852 ## - LOCALIZACIÓN
Ubicación ES-MaACL
Número de control de estantería C-21256
Sublocalización o colección R.49816
Holdings
Estatus retirado Estado de pérdida Estado de daño No para préstamo Biblioteca de origen Biblioteca actual Ubicación en estantería Fecha de adquisición Fuente de adquisición Total de préstamos Signatura topográfica completa Código de barras Visto por última vez Precio de reemplazo Tipo de ítem Koha
        Biblioteca del Ateneo de Madrid Biblioteca del Ateneo de Madrid Galería 17/01/2008     C-21256 1021410 23/02/2023 23/02/2023 Libro impreso